| 000 | 004460000a22001810004500 | ||
|---|---|---|---|
| 003 | LK-CoMWRAF | ||
| 005 | 20231213174736.0 | ||
| 008 | 230817t2004 ||||| |||| 00| 0 eng d | ||
| 020 | _a818683009X | ||
| 040 |
_aLK-CoMWRAF _dLK-CoMWRAF _eLK-CoMWRAF |
||
| 041 | _aeng | ||
| 082 |
_a423 _bDIC |
||
| 245 | _aDictionary | ||
| 260 |
_aNew Delhi: _bPentagon Press, _c2004 |
||
| 300 | _a533 p. | ||
| 650 | _aENGLISH LANGUAGE-Dictionaries | ||
| 942 | _cBK | ||
| 999 |
_c2210 _d2210 |
||